| 000 -ლიდერი |
| ფიქსირებული სიგრძის საკონტროლო ველი |
01832nam a22002417a 4500 |
| 003 - საკონტროლო ნომრის იდენტიფიკატორი |
| საკონტროლო ველი |
Ge_BSU |
| 005 - ბოლო ოპერაციის თარიღი და დრო |
| საკონტროლო ველი |
20231124123221.0 |
| 008 - ფიქსირებული სიგრძის მონაცემთა ელემენტები - ზოგადი ინფორმაცია |
| ფიქსირებული სიგრძის საკონტროლო ველი |
231124s2023 ge ||||| |||| 00| 0 geo d |
| 020 ## - წიგნის საერთაშორისო სტანდარტული ნომერი |
| International Standard Book Number |
2233-3541 |
| 041 ## - ენის კოდი |
| Language code of text/sound track or separate title |
geo |
| 080 ## - უნივერსალური ათობითი კლასიფიკაციის ინდექსი |
| Universal Decimal Classification number |
930.25(479.223)(061) ა-86 |
| 245 ## - ცნობა სათაურის შესახებ |
| Title |
არხეიონი = ARCHEION : |
| Remainder of title |
XXV. კრებული / |
| Statement of responsibility, etc |
სარედაქციო საბჭოს თავ-რე მაია ივანიშვილი; რედ. თამაზ ფუტკარაძე; [აჭარის ავტონომური რესპუბლიკის განათლების, კულტურისა და სპორტის საქვეუწყებო დაწესებულება |-საარქივო სამმართველო.]. |
| 264 ## - წარმოების, გამოცემის, დისტრიბუციის და სხვა ცნობები |
| გამოცემის, წარმოების, დისტრიბუციის... ადგილი |
თბილისი : |
| გამოცემის, წარმოების, დისტრიბუციის... სახელწოდება |
უნივერსალი, |
| გამოცემის, წარმოების, დისტრიბუციის... თარიღი |
2023. |
| 300 ## - ფიზიკური აღწერა |
| Extent |
120 გვ. : |
| Other physical details |
ილ.; |
| Dimensions |
26 სმ. |
| 653 ## - INDEX TERM--UNCONTROLLED |
| Uncontrolled term |
ისტორია |
| 653 ## - INDEX TERM--UNCONTROLLED |
| Uncontrolled term |
მდინარე ჭოროხი |
| 653 ## - INDEX TERM--UNCONTROLLED |
| Uncontrolled term |
საქართველო ნატოს ურთიერთობა |
| 653 ## - INDEX TERM--UNCONTROLLED |
| Uncontrolled term |
მგლის კულტის პარალელები |
| 700 ## - ADDED ENTRY--PERSONAL NAME |
| Personal name |
ივანიშვილი, მაია |
| Relator term |
სარედაქციო საბჭოს თავმჯდომარე |
| 9 (RLIN) |
20469 |
| 700 ## - ADDED ENTRY--PERSONAL NAME |
| Personal name |
ფუტკარაძე, თამაზ |
| Relator term |
რედაქტორი |
| 9 (RLIN) |
20470 |
| 710 ## - ADDED ENTRY--CORPORATE NAME |
| Corporate name or jurisdiction name as entry element |
აჭარის ავტონომური რესპუბლიკის განათლების, კულტურისა და სპორტის საქვეუწყებო დაწესებულება |
| Subordinate unit |
საარქივო სამმართველო |
| 9 (RLIN) |
13600 |
| 942 ## - ADDED ENTRY ELEMENTS (KOHA) |
| Source of classification or shelving scheme |
|
| Koha item type |
წიგნი |